Organizational behaviour processes
Na minha lista:
| Autor principal: | |
|---|---|
| Formato: | Livro |
| Publicado em: |
New Delhi :
Oxford University Press,
c 2008
|
| Assuntos: | |
| Tags: |
Adicionar Tag
Sem tags, seja o primeiro a adicionar uma tag!
|
MARC
| LEADER | 00000nam a2200000 4500 | ||
|---|---|---|---|
| 020 | |a 8170333296 |c TZS 20000/- | ||
| 040 | |a MUL |b eng |e AACR | ||
| 082 | |a 658.4 PAR | ||
| 100 | |a Pareek, Udai | ||
| 245 | |a Organizational behaviour processes |c / Udai Pareek | ||
| 260 | |a New Delhi : |b Oxford University Press, |c c 2008 | ||
| 300 | |a vi, 367 p. : |b ill.; |c 25 cm. | ||
| 504 | |a Includes index and references | ||
| 546 | |a eng | ||
| 650 | |a Organizational behavior | ||
| 650 | |a Corporate culture | ||
| 650 | |a Organizational Culture | ||
| 942 | |c BK | ||
| 999 | |c 10242 |d 10242 | ||